000 00711nam a2200229 i 4500
001 bg
245 0 0 _aObliczanie konstrukcji stalowych wg PN-90/B-03200 /
_cJerzy Niewiadomski [et al.].
260 _aWarszawa :
_bWydaw. Naukowe PWN,
_c1999.
300 _a234 s. :
_brys. ;
_c24 cm.
504 _aBibliogr. i wykaz norm s.231. - Indeks.
650 9 _aKonstrukcje stalowe
_xnormalizacja
_zPolska
650 9 _aKonstrukcje stalowe
_xprojekty
655 _aPodręczniki akademickie
700 1 _aNIEWIADOMSKI, Jerzy
020 _a8301130415
040 _cBPK
041 0 _apl
080 _a624.01/.07(083.74)(075.8)
920 _a83-01-13041-5
942 _cKS
008 s pl f |000 0 pol
999 _c37571
_d37571
856 _uhttp://koha.tu.koszalin.pl/cgi-bin/koha/opac-detail.pl?biblionumber=37571
_yKatalog online BPK